[Event "Steinfurt Bezirksklasse 1819"]
[Site "Germany"]
[Date "2019.03.02"]
[Round "6.3"]
[White "Winkelsett, Carsten"]
[Black "Roos, Wilfried"]
[Result "1/2-1/2"]
[WhiteElo "1557"]
[BlackElo "1695"]
[PlyCount "50"]
[EventDate "2018.09.29"]
[EventType "team-tourn"]
[EventRounds "7"]
[EventCountry "GER"]
[SourceTitle "EXT 2020"]
[Source "ChessBase"]
[SourceDate "2019.10.17"]
[SourceVersion "1"]
[SourceVersionDate "2019.10.17"]
[SourceQuality "1"]
[WhiteTeam "Reckenfeld II"]
[BlackTeam "Saerbeck II"]
[WhiteTeamCountry "GER"]
[BlackTeamCountry "GER"]

1. Nf3 Nf6 2. d4 c5 3. e3 g6 4. Bc4 cxd4 5. exd4 Bg7 6. 0-0 0-0 7. d5 d6 8. Nc3 Nbd7 9. Be3 Nc5 10. Nd4 Ng4 11. Bf4 Ne5 12. Be2 h6 13. h3 g5 14. Bh2 f5 15. f4 Ng6 16. b4 Ne4 17. Nxe4 fxe4 18. f5 Nh4 19. g4 Qb6 20. c3 Bd7 21. Rc1 Rac8 22. Kh1 Bxd4 23. Qxd4 Qxd4 24. cxd4 Rxc1 25. Rxc1 Rc8 1/2-1/2

[Event "Steinfurt Bezirksliga 1819"]
[Site "Germany"]
[Date "2018.09.22"]
[Round "2.8"]
[White "Mueller, Johanna Franziska"]
[Black "Winkelsett, Carsten"]
[Result "1/2-1/2"]
[WhiteElo "1482"]
[BlackElo "1576"]
[PlyCount "72"]
[EventDate "2018.09.01"]
[EventType "team-tourn"]
[EventRounds "10"]
[EventCountry "GER"]
[SourceTitle "EXT 2020"]
[Source "ChessBase"]
[SourceDate "2019.10.17"]
[SourceVersion "1"]
[SourceVersionDate "2019.10.17"]
[SourceQuality "1"]
[WhiteTeam "Emsdetten Rochade IV"]
[BlackTeam "Reckenfeld"]
[WhiteTeamCountry "GER"]
[BlackTeamCountry "GER"]

1. e4 c5 2. Nf3 Nc6 3. Bb5 d6 4. Nc3 Bd7 5. d3 e6 6. Be3 Nf6 7. 0-0 Be7 8. d4 cxd4 9. Bxd4 0-0 10. Bxf6 gxf6 11. Qd2 Kh8 12. Ne2 Rg8 13. Ng3 Ne5 14. Nxe5 fxe5 15. Bd3 Bc6 16. f4 Qb6+ 17. Qf2 Qxb2 18. fxe5 Qxe5 19. Qxf7 Rg7 20. Qf4 Qxf4 21. Rxf4 Rag8 22. Raf1 Bg5 23. Rf7 Be8 24. Rxg7 Be3+ 25. Kh1 Kxg7 26. Ne2 Bc6 27. Nf4 Bxf4 28. Rxf4 Rf8 29. Rxf8 Kxf8 30. Kg1 Kg7 31. Kf2 h6 32. g4 Kf6 33. h4 Be8 34. Kf3 Ke5 35. Ke3 Bg6 36. c3 Be8 1/2-1/2

[Event "Steinfurt Bezirksliga 1718"]
[Site "Germany"]
[Date "2018.03.17"]
[Round "6.5"]
[White "Winkelsett, Carsten"]
[Black "Stoffers, Elsbeth"]
[Result "1/2-1/2"]
[WhiteElo "1600"]
[BlackElo "1388"]
[PlyCount "88"]
[EventDate "2017.09.23"]
[EventType "team-tourn"]
[EventRounds "7"]
[EventCountry "GER"]
[SourceTitle "EXT 2019"]
[Source "ChessBase"]
[SourceDate "2018.10.10"]
[SourceVersion "1"]
[SourceVersionDate "2018.10.10"]
[SourceQuality "1"]
[WhiteTeam "Reckenfeld"]
[BlackTeam "Steinfurt III"]
[WhiteTeamCountry "GER"]
[BlackTeamCountry "GER"]

1. Nf3 d5 2. d4 Nf6 3. c4 c6 4. Nc3 e6 5. Bg5 Be7 6. e3 h6 7. Bh4 dxc4 8. Bxc4 Nbd7 9. Bb3 0-0 10. 0-0 c5 11. Rc1 b6 12. d5 exd5 13. Nxd5 Bb7 14. Nxe7+ Qxe7 15. Re1 Ne5 16. Nxe5 Qxe5 17. Bxf6 Qxf6 18. Qe2 Rad8 19. Rc4 Ba6 20. Rf4 Bxe2 21. Rxf6 gxf6 22. Rxe2 Rd6 23. f3 Rfd8 24. Kf2 a6 25. a4 Kf8 26. Bc4 a5 27. g4 Ke7 28. f4 Rd2 29. b3 Rxe2+ 30. Kxe2 Rg8 31. Kf3 Rd8 32. Ke2 Rh8 33. Kf3 h5 34. h3 hxg4+ 35. Kxg4 f5+ 36. Kxf5 Rxh3 37. e4 f6 38. Kg4 Rh1 39. Kf5 Rh5+ 40. Kg4 Rh8 41. Kf5 Rd8 42. e5 fxe5 43. Kxe5 Rd1 44. f5 Rd6 1/2-1/2

[Event "Steinfurt Bezirksliga 1617"]
[Site "Germany"]
[Date "2017.03.25"]
[Round "8.1"]
[White "Lehmann, Mona"]
[Black "Winkelsett, Carsten"]
[Result "1-0"]
[WhiteElo "1922"]
[BlackElo "1601"]
[PlyCount "65"]
[EventDate "2016.09.24"]
[EventType "team"]
[EventRounds "9"]
[EventCountry "GER"]
[SourceTitle "EXT 2018"]
[Source "ChessBase"]
[SourceDate "2017.10.13"]
[SourceVersion "1"]
[SourceVersionDate "2017.10.13"]
[SourceQuality "1"]
[WhiteTeam "Emsdetten Rochade III"]
[BlackTeam "Reckenfeld"]
[WhiteTeamCountry "GER"]
[BlackTeamCountry "GER"]

1. e4 e5 2. Nf3 d6 3. d4 Nd7 4. Nc3 Be7 5. Bc4 h6 6. dxe5 Nxe5 7. Nxe5 dxe5 8. Qh5 g6 9. Qxe5 f6 10. Qg3 g5 11. Nb5 Bd6 12. Nxd6+ Qxd6 13. Qb3 Ne7 14. Bd2 Nc6 15. 0-0-0 Nd4 16. Qe3 Bg4 17. f3 Qc5 18. Qd3 Be6 19. Bxe6 Nxe6 20. Be3 Qc6 21. e5 Kf7 22. Qf5 Nf8 23. exf6 Qe6 24. Qxe6+ Nxe6 25. Bd2 Rhd8 26. h4 Kxf6 27. hxg5+ hxg5 28. Rh6+ Kf7 29. Re1 Re8 30. Reh1 Rad8 31. Rh7+ Kg8 32. Bc3 Rc8 33. Rd7 1-0

[Event "Steinfurt Bezirksliga 1314"]
[Site "Germany"]
[Date "2013.11.09"]
[Round "3.6"]
[White "Winkelsett, Carsten"]
[Black "Van Dam, Hans"]
[Result "1-0"]
[WhiteElo "1534"]
[BlackElo "1594"]
[PlyCount "63"]
[EventDate "2013.09.14"]
[EventType "team-tourn"]
[EventRounds "9"]
[EventCountry "GER"]
[SourceTitle "EXT 2015"]
[Source "ChessBase"]
[SourceDate "2014.11.20"]
[SourceVersion "1"]
[SourceVersionDate "2014.11.20"]
[SourceQuality "1"]
[WhiteTeam "Reckenfeld"]
[BlackTeam "Rheine Klein Berlin II"]
[WhiteTeamCountry "GER"]
[BlackTeamCountry "GER"]

1. Nf3 Nc6 2. d4 d5 3. c4 Nf6 4. Nc3 g6 5. Bg5 Ne4 6. cxd5 Nxc3 7. bxc3 Qxd5 8. e3 Bg4 9. c4 Qa5+ 10. Qd2 Qxd2+ 11. Kxd2 Bxf3 12. gxf3 Bg7 13. Rb1 Rb8 14. c5 e6 15. Bb5 0-0 16. Bxc6 bxc6 17. Bf4 e5 18. dxe5 Rfe8 19. e6 Rbd8+ 20. Ke2 Rxe6 21. Bxc7 Rc8 22. Bd6 Bf8 23. Rhd1 Ree8 24. Rb7 a5 25. Bxf8 Rxf8 26. Rdd7 Rb8 27. Rb6 Rxb6 28. cxb6 Rb8 29. b7 Kg7 30. Rc7 c5 31. Kd3 Kf6 32. Kc4 1-0

[Event "Steinfurt Bezirksliga 1213"]
[Site "Germany"]
[Date "2013.03.02"]
[Round "7.8"]
[White "Bahr, Maximilian"]
[Black "Winkelsett, Carsten"]
[Result "1-0"]
[WhiteElo "1141"]
[BlackElo "1569"]
[PlyCount "53"]
[EventDate "2012.09.22"]
[EventType "team-tourn"]
[EventRounds "9"]
[EventCountry "GER"]
[SourceTitle "EXT 2015"]
[Source "ChessBase"]
[SourceDate "2014.11.20"]
[SourceVersion "1"]
[SourceVersionDate "2014.11.20"]
[SourceQuality "1"]
[WhiteTeam "Rheine SG"]
[BlackTeam "Reckenfeld"]
[WhiteTeamCountry "GER"]
[BlackTeamCountry "GER"]

1. e4 c5 2. Nf3 Nc6 3. c3 Nf6 4. e5 Ng4 5. d4 cxd4 6. cxd4 g6 7. h3 Nh6 8. Nc3 e6 9. Bg5 Qa5 10. Bd3 Ng8 11. a3 d6 12. 0-0 b5 13. Be4 Qc7 14. Rc1 Rb8 15. Ne2 Qb6 16. d5 exd5 17. Bxd5 Nge7 18. Be3 Qd8 19. Bg5 Qb6 20. Bf6 Rg8 21. Ng5 Nd8 22. Nxh7 Bg7 23. Qb3 Nxd5 24. Qxd5 Bb7 25. Qd3 Ne6 26. Rfd1 Nc5 27. Rxc5 1-0

[Event "Steinfurt Bezirksliga 1213"]
[Site "Germany"]
[Date "2013.01.12"]
[Round "5.8"]
[White "Winkelsett, Carsten"]
[Black "Plagge, Christian"]
[Result "1/2-1/2"]
[WhiteElo "1569"]
[BlackElo "1436"]
[PlyCount "107"]
[EventDate "2012.09.22"]
[EventType "team-tourn"]
[EventRounds "9"]
[EventCountry "GER"]
[SourceTitle "EXT 2015"]
[Source "ChessBase"]
[SourceDate "2014.11.20"]
[SourceVersion "1"]
[SourceVersionDate "2014.11.20"]
[SourceQuality "1"]
[WhiteTeam "Reckenfeld"]
[BlackTeam "Emsdetten Turm III"]
[WhiteTeamCountry "GER"]
[BlackTeamCountry "GER"]

1. Nf3 c5 2. g3 e6 3. c4 Nf6 4. Nc3 Be7 5. Bg2 0-0 6. 0-0 Nc6 7. d4 cxd4 8. Nxd4 Bc5 9. Nb3 Bb6 10. c5 Bc7 11. Nb5 Bb8 12. Bg5 h6 13. Bxf6 Qxf6 14. Rb1 Rd8 15. Nd6 Bxd6 16. Qxd6 Qe5 17. Rfd1 Qxd6 18. Rxd6 Kf8 19. Rbd1 Ke7 20. a3 Rb8 21. f4 Ke8 22. R1d2 Ke7 23. Kf2 Rf8 24. g4 f5 25. Kg3 fxg4 26. Kxg4 h5+ 27. Kg3 Nd8 28. R6d3 b6 29. Bf3 Rh8 30. Kh4 Nf7 31. c6 dxc6 32. Bxc6 g5+ 33. fxg5 Ne5 34. Rc3 Ng6+ 35. Kg3 h4+ 36. Kf2 Rf8+ 37. Rf3 Rxf3+ 38. Bxf3 Ne5 39. Nd4 Bb7 40. Bxb7 Rxb7 41. Nf3 Ng6 42. Rd4 e5 43. Re4 Ke6 44. Nxh4 Nxh4 45. Rxh4 Kf5 46. Kg3 Kxg5 47. Rg4+ Kf5 48. h4 Rc7 49. h5 Rh7 50. e4+ Kf6 51. Rg6+ Kf7 52. Kg4 Rh8 53. Kf5 Rxh5+ 54. Rg5 1/2-1/2

[Event "Steinfurt Bezirksliga 1213"]
[Site "Germany"]
[Date "2012.10.27"]
[Round "2.8"]
[White "Steens, Rudolf"]
[Black "Winkelsett, Carsten"]
[Result "1-0"]
[WhiteElo "1740"]
[BlackElo "1569"]
[PlyCount "79"]
[EventDate "2012.09.22"]
[EventType "team-tourn"]
[EventRounds "9"]
[EventCountry "GER"]
[SourceTitle "EXT 2015"]
[Source "ChessBase"]
[SourceDate "2014.11.20"]
[SourceVersion "1"]
[SourceVersionDate "2014.11.20"]
[SourceQuality "1"]
[WhiteTeam "Nordwalde"]
[BlackTeam "Reckenfeld"]
[WhiteTeamCountry "GER"]
[BlackTeamCountry "GER"]

1. e4 e5 2. Nc3 Nf6 3. f4 d6 4. Nf3 exf4 5. d4 Nh5 6. Bc4 Be6 7. Be2 Be7 8. e5 Bh4+ 9. Kf1 Bg4 10. exd6 c6 11. Nxh4 Qxh4 12. Bxg4 Ng3+ 13. Kg1 Nxh1 14. Qe2+ Kd8 15. Qe7+ Qxe7 16. dxe7+ Kxe7 17. Bxf4 Rd8 18. Rd1 Nd7 19. Kxh1 Nf6 20. Bf3 Rd7 21. d5 cxd5 22. Nxd5+ Nxd5 23. Rxd5 Rad8 24. c4 b5 25. b3 bxc4 26. bxc4 f6 27. h4 h6 28. Be3 Rxd5 29. cxd5 Rd7 30. Bc5+ Kd8 31. d6 g5 32. hxg5 hxg5 33. Bg4 Rh7+ 34. Kg1 Rh4 35. Be6 Re4 36. Bb3 a6 37. Kf2 f5 38. g3 Kd7 39. a3 Kc6 40. Bd5+ 1-0

[Event "Muensterland Verbandsklasse-B 1112"]
[Site "Germany"]
[Date "2012.04.21"]
[Round "8.2"]
[White "Schulz, Stefan"]
[Black "Winkelsett, Carsten"]
[Result "1-0"]
[WhiteElo "1891"]
[BlackElo "1662"]
[PlyCount "63"]
[EventDate "2011.09.17"]
[EventType "team-tourn"]
[EventRounds "9"]
[EventCountry "GER"]
[SourceTitle "EXT 2013"]
[Source "ChessBase"]
[SourceDate "2012.11.22"]
[SourceVersion "1"]
[SourceVersionDate "2012.11.22"]
[SourceQuality "1"]
[WhiteTeam "Muenster IV"]
[BlackTeam "Reckenfeld"]
[WhiteTeamCountry "GER"]
[BlackTeamCountry "GER"]

1. d4 d5 2. Nf3 Nf6 3. c4 e6 4. g3 c5 5. cxd5 Nxd5 6. Bg2 Qa5+ 7. Bd2 Qb6 8. Qc1 cxd4 9. Qxc8+ Ke7 10. Qc1 Nc6 11. 0-0 f6 12. Re1 Kf7 13. Na3 Be7 14. Nc4 Qd8 15. b3 Rc8 16. Qb1 g6 17. e3 b5 18. Nb2 Nc3 19. Bxc3 dxc3 20. Nd3 c2 21. Qxc2 Nb4 22. Nde5+ Kg7 23. Qe4 fxe5 24. Rad1 Qc7 25. Rc1 Qd6 26. Rcd1 Qc7 27. Nxe5 Rcd8 28. Bh3 Rd6 29. Rc1 Qa5 30. Red1 Rhd8 31. Rxd6 Bxd6 32. Qb7+ 1-0

[Event "Steinfurt Bezirksklasse 1011"]
[Site "Germany"]
[Date "2010.12.18"]
[Round "4.3"]
[White "Winkelsett, Carsten"]
[Black "Hallmeier, Philipp"]
[Result "1-0"]
[WhiteElo "1638"]
[BlackElo "1384"]
[PlyCount "61"]
[EventDate "2010.09.25"]
[EventType "team-tourn"]
[EventRounds "9"]
[EventCountry "GER"]
[SourceTitle "EXT 2012"]
[Source "ChessBase"]
[SourceDate "2011.11.24"]
[SourceVersion "1"]
[SourceVersionDate "2011.11.24"]
[SourceQuality "1"]
[WhiteTeam "Reckenfeld II"]
[BlackTeam "Ibbenbueren III"]
[WhiteTeamCountry "GER"]
[BlackTeamCountry "GER"]

1. Nf3 Nc6 2. d4 e6 3. c4 d5 4. e3 Nf6 5. Nc3 Bb4 6. Bd2 0-0 7. a3 Bxc3 8. Bxc3 Ne4 9. Rc1 b6 10. Bd3 Nxc3 11. Rxc3 Bb7 12. Qc2 h6 13. cxd5 Qxd5 14. 0-0 f5 15. e4 Qd6 16. d5 fxe4 17. Bxe4 exd5 18. Rd1 Ne7 19. Qb3 Qf4 20. Bb1 Kh8 21. Rd4 Qf6 22. Qc2 g6 23. Rxc7 Bc6 24. Rd1 Qd6 25. Rxe7 Qxe7 26. Qxc6 Qe2 27. Re1 Rac8 28. Qxg6 Rc7 29. Rxe2 Rxf3 30. gxf3 Rg7 31. Re8+ 1-0

[Event "Steinfurt Bezirksliga 1011"]
[Site "Germany"]
[Date "2010.11.06"]
[Round "2.7"]
[White "Winkelsett, Carsten"]
[Black "Schreck, Uwe"]
[Result "1-0"]
[WhiteElo "1581"]
[BlackElo "1456"]
[PlyCount "117"]
[EventDate "2010.10.02"]
[EventType "team-tourn"]
[EventRounds "9"]
[EventCountry "GER"]
[SourceTitle "EXT 2012"]
[Source "ChessBase"]
[SourceDate "2011.11.24"]
[SourceVersion "1"]
[SourceVersionDate "2011.11.24"]
[SourceQuality "1"]
[WhiteTeam "Reckenfeld"]
[BlackTeam "Ibbenbueren II"]
[WhiteTeamCountry "GER"]
[BlackTeamCountry "GER"]

1. Nf3 Nc6 2. d4 d5 3. c4 e6 4. cxd5 Qxd5 5. Nc3 Bb4 6. Bd2 Bxc3 7. Bxc3 Nge7 8. g3 0-0 9. Bg2 Qd8 10. 0-0 Rb8 11. b3 b6 12. Qc2 Bb7 13. Ng5 Ng6 14. Nf3 Nce7 15. Rac1 Rc8 16. Rfd1 Qe8 17. Bb4 Qb5 18. Bxe7 Nxe7 19. Ng5 Qxg5 20. Bxb7 Rb8 21. Qxc7 Nd5 22. Bxd5 Qxd5 23. Qc4 Qd7 24. Qc6 Qxc6 25. Rxc6 Rfc8 26. Rdc1 Rxc6 27. Rxc6 g6 28. Rc7 a6 29. Rc6 a5 30. e4 Kf8 31. f3 Ke8 32. Kf2 Kd7 33. Rc4 Rf8 34. Ke3 f5 35. Rc1 h6 36. a3 g5 37. Kd3 h5 38. Rc2 g4 39. f4 fxe4+ 40. Kxe4 Rf5 41. Kd3 h4 42. Kc4 hxg3 43. hxg3 Rh5 44. Re2 b5+ 45. Kd3 Rh3 46. Re3 Kd6 47. Ke4 Rh1 48. f5 exf5+ 49. Kxf5 Ra1 50. Re5 Rxa3 51. Rxb5 a4 52. bxa4 Rxa4 53. Ke4 Ra3 54. Kf4 Rd3 55. Rb4 Kd5 56. Kxg4 Re3 57. Kh4 Re8 58. g4 Rh8+ 59. Kg3 1-0

[Event "Steinfurt Bezirksliga 0910"]
[Site "Germany"]
[Date "2009.09.12"]
[Round "1.2"]
[White "Winkelsett, Carsten"]
[Black "Holtmannspoetter, Michael"]
[Result "1/2-1/2"]
[WhiteElo "1570"]
[BlackElo "1569"]
[PlyCount "34"]
[EventDate "2009.09.12"]
[EventType "team-tourn"]
[EventRounds "9"]
[EventCountry "GER"]
[SourceTitle "EXT 2011"]
[Source "ChessBase"]
[SourceDate "2010.11.26"]
[SourceVersion "1"]
[SourceVersionDate "2010.11.26"]
[SourceQuality "1"]
[WhiteTeam "Reckenfeld"]
[BlackTeam "Reckenfeld II"]
[WhiteTeamCountry "GER"]
[BlackTeamCountry "GER"]

1. Nf3 d5 2. d4 Nc6 3. c4 e6 4. Nc3 g6 5. Bg5 Be7 6. Bf4 a6 7. Ne5 Nxe5 8. Bxe5 Bf6 9. cxd5 exd5 10. Bxf6 Nxf6 11. e3 c6 12. Bd3 0-0 13. 0-0 Qd6 14. h3 Be6 15. Na4 Nd7 16. Rc1 Qe7 17. Nc5 Nxc5 1/2-1/2

[Event "Steinfurt Bezirksliga 0809"]
[Site "Germany"]
[Date "2009.03.14"]
[Round "7.6"]
[White "Huesmann, Stephan"]
[Black "Winkelsett, Carsten"]
[Result "1/2-1/2"]
[WhiteElo "1607"]
[BlackElo "1516"]
[PlyCount "74"]
[EventDate "2008.09.27"]
[EventType "team-tourn"]
[EventRounds "9"]
[EventCountry "GER"]
[SourceTitle "EXT 2010"]
[Source "ChessBase"]
[SourceDate "2010.11.25"]
[SourceVersion "1"]
[SourceVersionDate "2010.11.25"]
[SourceQuality "1"]
[WhiteTeam "Rheine Klein Berlin II"]
[BlackTeam "Reckenfeld"]
[WhiteTeamCountry "GER"]
[BlackTeamCountry "GER"]

1. e4 e5 2. Nf3 d6 3. Bc4 Be7 4. c3 Bg4 5. Qb3 b6 6. Bxf7+ Kf8 7. h3 Bxf3 8. Bxg8 Rxg8 9. gxf3 Bg5 10. Qe6 Qd7 11. Qg4 Qxg4 12. hxg4 h6 13. Na3 a6 14. d3 Bxc1 15. Rxc1 Nc6 16. Ke2 Kf7 17. Rcg1 Rh8 18. Nc2 Rae8 19. Ne3 Ne7 20. d4 Ke6 21. d5+ Kf7 22. Nf5 Ng6 23. Ke3 Nf4 24. Rg3 Ref8 25. b4 Re8 26. a4 g6 27. Nxh6+ Kg7 28. g5 Rh7 29. Rg4 Rf8 30. Rh2 Nh5 31. Rgh4 Nf4 32. c4 Rhh8 33. Rg4 Rh7 34. Rg1 Rb8 35. Rh4 Rf8 36. Rhg4 Nh3 37. Re1 Nxg5 1/2-1/2

[Event "Steinfurt Bezirksklasse 0708"]
[Site "Germany"]
[Date "2008.03.01"]
[Round "6.1"]
[White "Winkelsett, Carsten"]
[Black "Brito, Daniel"]
[Result "0-1"]
[WhiteElo "1507"]
[BlackElo "1785"]
[PlyCount "76"]
[EventDate "2007.10.13"]
[EventType "team-tourn"]
[EventRounds "7"]
[EventCountry "GER"]
[SourceTitle "EXT 2009"]
[Source "ChessBase"]
[SourceDate "2008.11.26"]
[SourceVersion "1"]
[SourceVersionDate "2008.11.26"]
[SourceQuality "1"]
[WhiteTeam "Reckenfeld II"]
[BlackTeam "Neuenkirchen II"]
[WhiteTeamCountry "GER"]
[BlackTeamCountry "GER"]

1. Nf3 Nf6 2. d4 d6 3. c4 g6 4. Nc3 Bg7 5. Bg5 c6 6. e3 Qa5 7. Bxf6 Bxf6 8. Be2 0-0 9. 0-0 Nd7 10. a3 Qc7 11. Rc1 e5 12. Ne4 Bg7 13. c5 d5 14. Nd6 e4 15. Nd2 Nf6 16. Nxc8 Qxc8 17. b4 Qe6 18. Rc3 a6 19. Re1 Bh6 20. h3 Nd7 21. Qc2 f5 22. Kh1 g5 23. Bf1 Nf6 24. g3 f4 25. exf4 gxf4 26. g4 Qd7 27. f3 e3 28. Nb1 Bg5 29. Re2 Rae8 30. Rd3 h5 31. Rg2 Qh7 32. Rd1 Qh6 33. Kg1 hxg4 34. hxg4 Re7 35. Rh2 Bh4 36. Bd3 Qg5 37. Bf5 Nh5 38. Rg2 Bf2+ 0-1

[Event "Steinfurt Bezirksklasse 0708"]
[Site "Germany"]
[Date "2007.12.08"]
[Round "3.1"]
[White "Loecke, Christian"]
[Black "Winkelsett, Carsten"]
[Result "1-0"]
[WhiteElo "1797"]
[BlackElo "1507"]
[PlyCount "63"]
[EventDate "2007.10.13"]
[EventType "team-tourn"]
[EventRounds "7"]
[EventCountry "GER"]
[SourceTitle "EXT 2009"]
[Source "ChessBase"]
[SourceDate "2008.11.26"]
[SourceVersion "1"]
[SourceVersionDate "2008.11.26"]
[SourceQuality "1"]
[WhiteTeam "Emsdetten Turm III"]
[BlackTeam "Reckenfeld II"]
[WhiteTeamCountry "GER"]
[BlackTeamCountry "GER"]

1. e4 e5 2. Bc4 Nf6 3. d4 exd4 4. Nf3 Bb4+ 5. c3 dxc3 6. bxc3 Be7 7. e5 Ng4 8. h3 Nh6 9. Qb3 Rf8 10. Bxh6 gxh6 11. Nd4 Bc5 12. Nd2 Bxd4 13. cxd4 Nc6 14. Nf3 Na5 15. Qc3 Nxc4 16. Qxc4 c6 17. 0-0 d5 18. Qd3 Rh8 19. Qe3 Be6 20. Qxh6 Qe7 21. Ng5 0-0-0 22. f4 Rdg8 23. Nxe6 fxe6 24. f5 exf5 25. Rxf5 Rg6 26. Qf4 Rhg8 27. g4 Qa3 28. Rf1 Qxh3 29. Rf8+ Rxf8 30. Qxf8+ Kc7 31. Qe7+ Kb6 32. Rb1+ 1-0

[Event "Steinfurt Bezirksliga 0607"]
[Site "Germany"]
[Date "2006.11.04"]
[Round "3.8"]
[White "Winkelsett, Carsten"]
[Black "Ehlert, Jan"]
[Result "1-0"]
[WhiteElo "1512"]
[BlackElo "1579"]
[PlyCount "83"]
[EventDate "2006.09.09"]
[EventType "team-tourn"]
[EventRounds "9"]
[EventCountry "GER"]
[SourceTitle "EXT 2008"]
[Source "ChessBase"]
[SourceDate "2007.11.25"]
[SourceVersion "1"]
[SourceVersionDate "2007.11.25"]
[SourceQuality "1"]
[WhiteTeam "Reckenfeld"]
[BlackTeam "Ibbenbueren II"]
[WhiteTeamCountry "GER"]
[BlackTeamCountry "GER"]

1. d4 b6 2. c4 Bb7 3. Nc3 g6 4. Bf4 d6 5. e3 Bg7 6. Nf3 Nd7 7. Be2 h6 8. 0-0 e6 9. Rc1 Ne7 10. Qc2 a6 11. h3 0-0 12. b4 a5 13. b5 f5 14. Rfd1 Qe8 15. Na4 Nf6 16. c5 dxc5 17. dxc5 Be4 18. Qb3 Nfd5 19. Ne5 Nxf4 20. exf4 Bd5 21. Bc4 Rb8 22. c6 Rd8 23. Nc3 Kh7 24. Bxd5 Nxd5 25. Nxd5 exd5 26. Nd7 d4 27. Nxf8+ Qxf8 28. Qd3 Qd6 29. g3 Re8 30. Re1 Re6 31. Qc4 Re4 32. Kf1 Qa3 33. Qb3 Qd6 34. Qd3 Qe6 35. Re2 Rxe2 36. Qxe2 Qd5 37. Kg1 d3 38. Qe7 Qf3 39. Rf1 g5 40. Qxc7 Kg6 41. Qxb6 gxf4 42. c7+ 1-0